Normal view MARC view
  • Manicomio General La Castañeda (Ciudad de México)

Entry Nombre Corporativo

Number of records used in: 1

001 - NÚMERO DE CONTROL

  • campo de control: 27678

003 - IDENTIFICADOR DE NUMERO DE CONTROL

  • campo de control: MX-MxUPN

005 - FECHA Y HORA DE LA ÜLTIMA TRANSACCIÓN

  • campo de control: 20230606155037.0

008 - DATOS DE LONGITUD FIJA

  • campo de control de longitud fija: 230606n||acnnnbabn | ana |d

035 ## - NÚMERO DE CONTROL

  • Número de control: UPN10000027687

040 ## - FUENTE DE CATALOGACIÓN

  • Agencia original de catalogación: MX-MxUPN
  • Lenguaje de catalogación: spa
  • Agencia transcribe: MX-MxUPN

110 2# - ENCABEZAMIENTO - NOMBRE CORPORATIVO

  • Nombre corporativo o de jurisdicción como elemento de entrada : Manicomio General La Castañeda (Ciudad de México)
  • Subdivisión temática general: Historia
  • Subdivisión cronológica: Siglo XX

670 ## - FUENTE EN LA QUE SE LOCALIZARON DATOS

  • Cita de la fuente : LC/P
  • Información localizada: Manicomio General La Castañeda (Mexico City, Mexico) - History - 20th century

902 ## - CATALOGADOR

  • Catalogador: MCM/041119